[Event "DVM U14w 2020"]
[Site "Willingen GER"]
[Date "2021.06.24"]
[Round "2"]
[White "Rotärmel, Leonie"]
[Black "Hubert, Charlotte"]
[Result "1/2-1/2"]
[Termination "normal"]
[Board "7.1"]
[WhiteElo "1417"]
[BlackElo "1549"]
[WhiteClock "00:14:20"]
[BlackClock "00:17:49"]
[WhiteTeam "SV Oberursel"]
[BlackTeam "Hamburger SK von 1830"]
[PlyCount "119"]
[WhiteFideId "16281390"]
[BlackFideId "16265920"]
[EventCountry "GER"]
[EventRounds "7"]
[EventType "team-swiss"]
[EventDate "2021.06.23"]

1. e4 {[%clk 1:30:57]} 1... c5 {[%clk 1:30:51]} 2. Nf3 {[%clk 1:31:23]} 2... d6
{[%clk 1:31:11]} 3. d4 {[%clk 1:31:50]} 3... cxd4 {[%clk 1:31:27]} 4. Nxd4 {
[%clk 1:32:16]} 4... Nf6 {[%clk 1:31:45]} 5. Nc3 {[%clk 1:32:31]} 5... a6 {
[%clk 1:32:06]} 6. Be2 {[%clk 1:32:08]} 6... e5 {[%clk 1:32:14]} 7. Nb3 { [%clk
1:32:35]} 7... Be7 {[%clk 1:31:34]} 8. O-O {[%clk 1:32:57]} 8... O-O { [%clk
1:30:48]} 9. a4 {[%clk 1:32:17]} 9... Be6 {[%clk 1:29:31]} 10. Be3 { [%clk
1:30:35]} 10... Nbd7 {[%clk 1:28:31]} 11. a5 {[%clk 1:20:58]} 11... Rc8 { [%clk
1:24:15]} 12. f3 {[%clk 1:17:36]} 12... Qc7 {[%clk 1:20:46]} 13. Qd2 { [%clk
1:12:26]} 13... Rfd8 {[%clk 1:10:18]} 14. Rfd1 {[%clk 1:10:05]} 14... Qb8
{[%clk 1:03:20]} 15. Nd5 {[%clk 0:55:54]} 15... Bxd5 {[%clk 0:56:44]} 16. exd5
{[%clk 0:56:08]} 16... Nf8 {[%clk 0:55:25]} 17. Bb6 {[%clk 0:52:19]} 17... Re8
{[%clk 0:54:55]} 18. c4 {[%clk 0:50:45]} 18... N6d7 {[%clk 0:48:10]} 19. Be3 {
[%clk 0:49:48]} 19... f5 {[%clk 0:45:39]} 20. f4 {[%clk 0:40:34]} 20... Bf6 {
[%clk 0:36:59]} 21. fxe5 {[%clk 0:33:22]} 21... Nxe5 {[%clk 0:32:06]} 22. Nd4 {
[%clk 0:32:45]} 22... g6 {[%clk 0:24:15]} 23. b3 {[%clk 0:30:20]} 23... Re7 {
[%clk 0:23:01]} 24. Bg5 {[%clk 0:29:00]} 24... Bxg5 {[%clk 0:20:07]} 25. Qxg5 {
[%clk 0:29:22]} 25... Rce8 {[%clk 0:20:02]} 26. Nxf5 {[%clk 0:28:18]} 26... Rd7
{[%clk 0:16:51]} 27. Nh6+ {[%clk 0:22:57]} 27... Kg7 {[%clk 0:15:47]} 28. Rf1 {
[%clk 0:22:03]} 28... Qd8 {[%clk 0:15:15]} 29. Nf5+ {[%clk 0:15:42]} 29... Kh8
{[%clk 0:12:31]} 30. Qxd8 {[%clk 0:15:23]} 30... Rdxd8 {[%clk 0:12:54]} 31. Nd4
{[%clk 0:15:27]} 31... Ned7 {[%clk 0:08:38]} 32. b4 {[%clk 0:09:22]} 32... Re4
{[%clk 0:07:11]} 33. Rad1 {[%clk 0:08:36]} 33... Rde8 {[%clk 0:06:54]} 34. Bf3
{[%clk 0:07:25]} 34... Re3 {[%clk 0:07:09]} 35. Bg4 {[%clk 0:07:09]} 35... Ne5
{[%clk 0:06:05]} 36. Be2 {[%clk 0:05:40]} 36... Nfd7 {[%clk 0:05:26]} 37. Kf2 {
[%clk 0:04:14]} 37... Rc3 {[%clk 0:04:26]} 38. Rc1 {[%clk 0:04:16]} 38... Ra3 {
[%clk 0:04:08]} 39. Kg1 {[%clk 0:04:00]} 39... Ra4 {[%clk 0:03:56]} 40. Rb1 {
[%clk 0:04:26]} 40... Rc8 {[%clk 0:03:31]} 41. Rfc1 {[%clk 0:04:20]} 41... Nf6
{[%clk 0:03:23]} 42. Nf3 {[%clk 0:02:08]} 42... Re8 {[%clk 0:01:44]} 43. Nxe5 {
[%clk 0:29:53]} 43... Rxe5 {[%clk 0:32:08]} 44. Bf3 {[%clk 0:29:18]} 44... Kg7
{[%clk 0:29:45]} 45. c5 {[%clk 0:23:33]} 45... dxc5 {[%clk 0:25:54]} 46. bxc5 {
[%clk 0:23:57]} 46... Nxd5 {[%clk 0:24:37]} 47. Bxd5 {[%clk 0:24:04]} 47...
Rxd5 {[%clk 0:24:59]} 48. Rxb7+ {[%clk 0:24:29]} 48... Kh6 {[%clk 0:25:20]} 49.
c6 {[%clk 0:24:38]} 49... Ra2 {[%clk 0:24:44]} 50. h4 {[%clk 0:19:40]} 50...
Rdd2 {[%clk 0:24:06]} 51. Kh2 {[%clk 0:20:00]} 51... Rxg2+ {[%clk 0:24:27]} 52.
Kh3 {[%clk 0:20:25]} 52... Rgc2 {[%clk 0:23:19]} 53. Rxc2 {[%clk 0:20:22]}
53... Rxc2 {[%clk 0:23:43]} 54. Rb6 {[%clk 0:20:43]} 54... Rc5 {[%clk 0:19:22]}
55. Rxa6 {[%clk 0:20:38]} 55... Kh5 {[%clk 0:16:50]} 56. Ra7 {[%clk 0:19:09]}
56... Rc3+ {[%clk 0:16:55]} 57. Kg2 {[%clk 0:19:25]} 57... Rxc6 {[%clk 0:17:18]
} 58. Rxh7+ {[%clk 0:18:09]} 58... Kg4 {[%clk 0:17:42]} 59. Ra7 {[%clk 0:16:52]
} 59... Kxh4 {[%clk 0:17:49]} 60. a6 {[%clk 0:14:20]} 1/2-1/2

[Event "DVM U14w 2020"]
[Site "Willingen GER"]
[Date "2021.06.24"]
[Round "2"]
[White "Modali, Nikhilamrutha"]
[Black "Neininger, Sarah"]
[Result "1-0"]
[Termination "normal"]
[Board "7.2"]
[WhiteElo "1205"]
[BlackElo "1469"]
[WhiteClock "00:14:07"]
[BlackClock "00:20:55"]
[WhiteTeam "Hamburger SK von 1830"]
[BlackTeam "SV Oberursel"]
[PlyCount "119"]
[WhiteFideId "16282370"]
[BlackFideId "16287410"]
[EventCountry "GER"]
[EventRounds "7"]
[EventType "team-swiss"]
[EventDate "2021.06.23"]

1. e4 {[%clk 1:30:57]} 1... c5 {[%clk 1:30:54]} 2. Nf3 {[%clk 1:31:23]} 2...
Nc6 {[%clk 1:31:18]} 3. g3 {[%clk 1:31:49]} 3... g6 {[%clk 1:31:34]} 4. Bg2 {
[%clk 1:31:59]} 4... Bg7 {[%clk 1:31:23]} 5. O-O {[%clk 1:32:02]} 5... e6 {
[%clk 1:31:43]} 6. d3 {[%clk 1:32:22]} 6... Nge7 {[%clk 1:31:52]} 7. Nbd2 {
[%clk 1:31:36]} 7... O-O {[%clk 1:31:56]} 8. h3 {[%clk 1:29:16]} 8... d5 {
[%clk 1:31:32]} 9. Kh2 {[%clk 1:27:36]} 9... f5 {[%clk 1:28:44]} 10. Ng1 {
[%clk 1:22:08]} 10... fxe4 {[%clk 1:25:25]} 11. dxe4 {[%clk 1:22:25]} 11... b6
{[%clk 1:24:20]} 12. f4 {[%clk 1:18:25]} 12... Ba6 {[%clk 1:23:27]} 13. Rf2 {
[%clk 1:16:57]} 13... e5 {[%clk 1:17:54]} 14. Nf1 {[%clk 1:11:39]} 14... dxe4 {
[%clk 1:16:43]} 15. Qxd8 {[%clk 1:11:31]} 15... Raxd8 {[%clk 1:16:49]} 16. Bxe4
{[%clk 1:11:02]} 16... exf4 {[%clk 1:16:24]} 17. Bxf4 {[%clk 1:10:26]} 17... g5
{[%clk 1:16:30]} 18. Be3 {[%clk 1:09:57]} 18... Rxf2+ {[%clk 1:14:01]} 19. Bxf2
{[%clk 1:10:17]} 19... Rf8 {[%clk 1:13:04]} 20. Kg2 {[%clk 1:07:34]} 20... Bxb2
{[%clk 1:10:47]} 21. Rb1 {[%clk 1:07:39]} 21... Bd4 {[%clk 1:09:16]} 22. Bxd4 {
[%clk 1:06:05]} 22... Nxd4 {[%clk 1:08:49]} 23. c3 {[%clk 1:04:48]} 23... Nb5 {
[%clk 1:07:07]} 24. Ne2 {[%clk 1:00:39]} 24... Nd6 {[%clk 1:02:18]} 25. Bf3 {
[%clk 1:00:26]} 25... Bc4 {[%clk 0:59:36]} 26. a3 {[%clk 0:58:24]} 26... Ng6 {
[%clk 0:58:18]} 27. Ne3 {[%clk 0:55:13]} 27... Ne5 {[%clk 0:55:59]} 28. Nxc4 {
[%clk 0:53:29]} 28... Ndxc4 {[%clk 0:56:11]} 29. Bd5+ {[%clk 0:50:14]} 29...
Kg7 {[%clk 0:56:20]} 30. Bxc4 {[%clk 0:48:34]} 30... Nxc4 {[%clk 0:56:38]} 31.
a4 {[%clk 0:47:59]} 31... Ne3+ {[%clk 0:54:37]} 32. Kg1 {[%clk 0:47:46]} 32...
Rf3 {[%clk 0:53:35]} 33. Re1 {[%clk 0:45:02]} 33... Nd5 {[%clk 0:50:40]} 34.
Kg2 {[%clk 0:42:33]} 34... Rd3 {[%clk 0:49:53]} 35. Rc1 {[%clk 0:40:16]} 35...
Rd2 {[%clk 0:47:31]} 36. Kf3 {[%clk 0:39:32]} 36... Ra2 {[%clk 0:47:07]} 37. c4
{[%clk 0:38:38]} 37... Ra3+ {[%clk 0:45:52]} 38. Kg4 {[%clk 0:37:50]} 38...
Ne3+ {[%clk 0:45:24]} 39. Kxg5 {[%clk 0:37:59]} 39... Rxa4 {[%clk 0:45:37]} 40.
Nf4 {[%clk 0:37:57]} 40... Rxc4 {[%clk 0:45:17]} 41. Re1 {[%clk 0:37:32]} 41...
h6+ {[%clk 0:44:52]} 42. Kh5 {[%clk 0:36:11]} 42... Nf5 {[%clk 0:44:30]} 43.
Ne6+ {[%clk 0:35:50]} 43... Kf6 {[%clk 0:44:19]} 44. g4 {[%clk 0:35:04]} 44...
Ng7+ {[%clk 0:43:45]} 45. Nxg7 {[%clk 0:35:11]} 45... Kxg7 {[%clk 0:44:10]} 46.
Re7+ {[%clk 0:35:28]} 46... Kf6 {[%clk 0:44:01]} 47. Rxa7 {[%clk 0:35:40]}
47... b5 {[%clk 0:43:58]} 48. Kxh6 {[%clk 0:35:05]} 48... Rc3 {[%clk 0:44:04]}
49. h4 {[%clk 0:32:20]} 49... Rh3 {[%clk 0:40:24]} 50. g5+ {[%clk 0:30:15]}
50... Kf5 {[%clk 0:40:36]} 51. h5 {[%clk 0:30:22]} 51... c4 {[%clk 0:38:05]}
52. g6 {[%clk 0:29:32]} 52... c3 {[%clk 0:27:45]} 53. g7 {[%clk 0:28:22]} 53...
Rg3 {[%clk 0:27:12]} 54. Rc7 {[%clk 0:24:52]} 54... b4 {[%clk 0:27:04]} 55. Kh7
{[%clk 0:23:54]} 55... b3 {[%clk 0:26:49]} 56. Rxc3 {[%clk 0:16:15]} 56... b2 {
[%clk 0:25:35]} 57. Rxg3 {[%clk 0:14:53]} 57... b1=Q {[%clk 0:25:48]} 58. g8=Q
{[%clk 0:14:50]} 58... Kf4+ {[%clk 0:24:14]} 59. Rg6 {[%clk 0:13:52]} 59...
Qb7+ {[%clk 0:20:55]} 60. Qg7 {[%clk 0:14:07]} 1-0

[Event "DVM U14w 2020"]
[Site "Willingen GER"]
[Date "2021.06.24"]
[Round "2"]
[White "Richter, Johanna"]
[Black "Wu, Yvonne Yihan"]
[Result "1/2-1/2"]
[Termination "normal"]
[Board "7.3"]
[WhiteElo "1178"]
[BlackElo "1123"]
[WhiteClock "00:09:03"]
[BlackClock "00:24:19"]
[WhiteTeam "SV Oberursel"]
[BlackTeam "Hamburger SK von 1830"]
[PlyCount "64"]
[WhiteFideId "16278925"]
[BlackFideId "16298330"]
[EventCountry "GER"]
[EventRounds "7"]
[EventType "team-swiss"]
[EventDate "2021.06.23"]

1. d4 {[%clk 1:30:57]} 1... Nf6 {[%clk 1:30:57]} 2. c4 {[%clk 1:31:00]} 2... g6
{[%clk 1:31:10]} 3. Nc3 {[%clk 1:31:14]} 3... Bg7 {[%clk 1:31:28]} 4. Nf3 {
[%clk 1:31:37]} 4... O-O {[%clk 1:30:35]} 5. g3 {[%clk 1:30:47]} 5... d6 {
[%clk 1:30:55]} 6. Bg2 {[%clk 1:31:04]} 6... Nbd7 {[%clk 1:31:11]} 7. O-O {
[%clk 1:31:17]} 7... c6 {[%clk 1:30:48]} 8. Bg5 {[%clk 1:31:05]} 8... h6 {
[%clk 1:27:18]} 9. Bd2 {[%clk 1:30:30]} 9... e5 {[%clk 1:27:23]} 10. Qc1 {
[%clk 1:26:24]} 10... Kh7 {[%clk 1:26:05]} 11. Rb1 {[%clk 1:23:45]} 11... Re8 {
[%clk 1:20:35]} 12. e4 {[%clk 1:15:12]} 12... exd4 {[%clk 1:19:15]} 13. Nxd4 {
[%clk 1:14:45]} 13... Nc5 {[%clk 1:19:08]} 14. Qc2 {[%clk 1:09:49]} 14... Nfxe4
{[%clk 1:15:52]} 15. Nxe4 {[%clk 1:08:57]} 15... Bxd4 {[%clk 1:15:17]} 16. Bf4
{[%clk 1:01:15]} 16... Bf5 {[%clk 1:11:43]} 17. Qd2 {[%clk 0:42:08]} 17... Be5
{[%clk 0:57:15]} 18. f3 {[%clk 0:31:28]} 18... d5 {[%clk 0:53:12]} 19. Nxc5 {
[%clk 0:22:05]} 19... Bxb1 {[%clk 0:52:13]} 20. Rxb1 {[%clk 0:21:01]} 20...
dxc4 {[%clk 0:50:13]} 21. Qxd8 {[%clk 0:18:25]} 21... Raxd8 {[%clk 0:50:01]}
22. Bxe5 {[%clk 0:18:20]} 22... Rxe5 {[%clk 0:50:03]} 23. Nxb7 {[%clk 0:14:32]}
23... Rb8 {[%clk 0:44:16]} 24. f4 {[%clk 0:12:50]} 24... Re6 {[%clk 0:41:11]}
25. Na5 {[%clk 0:11:21]} 25... c3 {[%clk 0:36:48]} 26. b3 {[%clk 0:10:19]}
26... c2 {[%clk 0:36:02]} 27. Rc1 {[%clk 0:10:44]} 27... Re2 {[%clk 0:36:03]}
28. Bf3 {[%clk 0:09:45]} 28... Rd2 {[%clk 0:34:35]} 29. Nc4 {[%clk 0:09:37]}
29... Rd3 {[%clk 0:33:52]} 30. Be2 {[%clk 0:09:34]} 30... Rc3 {[%clk 0:32:47]}
31. Kf1 {[%clk 0:09:05]} 31... Rd8 {[%clk 0:32:37]} 32. Ke1 {[%clk 0:09:03]}
32... Kg7 {[%clk 0:24:19]} 1/2-1/2

[Event "DVM U14w 2020"]
[Site "Willingen GER"]
[Date "2021.06.24"]
[Round "2"]
[White "Abram, Kristina-Maria"]
[Black "Weyerer, Elea"]
[Result "1-0"]
[Termination "normal"]
[Board "7.4"]
[WhiteElo "1076"]
[BlackElo "768"]
[WhiteClock "01:25:00"]
[BlackClock "01:10:25"]
[WhiteTeam "Hamburger SK von 1830"]
[BlackTeam "SV Oberursel"]
[PlyCount "69"]
[WhiteFideId "16298349"]
[BlackFideId "34605770"]
[EventCountry "GER"]
[EventRounds "7"]
[EventType "team-swiss"]
[EventDate "2021.06.23"]

1. e4 1... d5 {[%clk 1:30:46]} 2. exd5 {[%clk 1:31:16]} 2... Qxd5 { [%clk
1:31:07]} 3. Nc3 {[%clk 1:31:16]} 3... Qd8 {[%clk 1:31:07]} 4. d4 { [%clk
1:29:00]} 4... c6 {[%clk 1:30:12]} 5. g3 {[%clk 1:29:06]} 5... Bf5 { [%clk
1:30:05]} 6. Bg2 {[%clk 1:28:49]} 6... e6 {[%clk 1:29:57]} 7. Nf3 { [%clk
1:28:19]} 7... Bg4 {[%clk 1:30:11]} 8. h3 {[%clk 1:28:23]} 8... Bxf3 { [%clk
1:30:13]} 9. Qxf3 {[%clk 1:28:07]} 9... Nf6 {[%clk 1:28:36]} 10. O-O { [%clk
1:27:54]} 10... Be7 {[%clk 1:27:57]} 11. Bf4 {[%clk 1:26:18]} 11... Nbd7 {[%clk
1:26:57]} 12. Rfe1 {[%clk 1:26:29]} 12... O-O {[%clk 1:26:30]} 13. Rad1 {[%clk
1:25:45]} 13... b6 {[%clk 1:25:59]} 14. Qxc6 {[%clk 1:25:42]} 14... Rc8 {[%clk
1:25:23]} 15. Qf3 {[%clk 1:25:21]} 15... h6 {[%clk 1:24:29]} 16. h4 { [%clk
1:25:32]} 16... Rc7 {[%clk 1:24:21]} 17. Bxc7 {[%clk 1:25:11]} 17... Qxc7
{[%clk 1:23:40]} 18. d5 {[%clk 1:24:29]} 18... Nc5 {[%clk 1:23:22]} 19. Nb5 {
[%clk 1:24:04]} 19... Qd7 {[%clk 1:23:12]} 20. d6 {[%clk 1:23:33]} 20... Bd8 {
[%clk 1:22:17]} 21. Qc6 {[%clk 1:23:56]} 21... Qxc6 {[%clk 1:21:38]} 22. Bxc6 {
[%clk 1:23:22]} 22... a6 23. Nc7 {[%clk 1:23:41]} 23... Bxc7 {[%clk 1:21:35]}
24. dxc7 {[%clk 1:23:56]} 24... Kh7 {[%clk 1:20:54]} 25. Rd8 {[%clk 1:24:08]}
25... Rh8 {[%clk 1:12:24]} 26. Rxh8+ {[%clk 1:24:28]} 26... Kxh8 { [%clk
1:12:11]} 27. c8=Q+ Kh7 28. b4 {[%clk 1:24:43]} 28... Ncd7 { [%clk 1:10:25]}
29. Bxd7 {[%clk 1:25:00]} 29... Nxd7 30. Qxd7 Kh8 31. Qxf7 a5 32. bxa5 bxa5 33.
Rxe6 a4 34. Re7 a3 35. Qxg7# 1-0

[Event "DVM U14w 2020"]
[Site "Willingen GER"]
[Date "2021.06.24"]
[Round "2"]
[White "Moldovan, Tatiana"]
[Black "Hencke, Luna"]
[Result "1-0"]
[Termination "normal"]
[Board "8.1"]
[WhiteElo "1430"]
[BlackElo "1168"]
[WhiteTeam "SG Königskinder Hohentübingen e.V."]
[BlackTeam "SchachAkademiePaderborn e. V."]
[PlyCount "147"]
[WhiteFideId "16287398"]
[BlackFideId "16261429"]
[EventCountry "GER"]
[EventRounds "7"]
[EventType "team-swiss"]
[EventDate "2021.06.23"]

1. e4 d6 2. d4 Nf6 3. Nc3 Nbd7 4. Be3 e5 5. f3 Be7 6. Bd3 O-O 7. Nge2 c6 8. O-O
Qc7 9. Ng3 Re8 10. Nf5 Bf8 11. Bc4 d5 12. exd5 cxd5 13. Bxd5 Nxd5 14. Nxd5 Qc6
15. Nc3 b6 16. Re1 Bb7 17. Qd3 Rad8 18. Qb5 Qc7 19. Qf1 Bc8 20. Ng3 Nb8 21.
dxe5 Rxe5 22. Bf4 Qc5+ 23. Qf2 Rxe1+ 24. Rxe1 Qc4 25. Qe2 Qxf4 26. Rd1 Ba6 27.
Qe1 Rc8 28. Nd5 Qc4 29. Ne7+ Bxe7 30. Qxe7 Nc6 31. Qe4 Qxa2 32. Qxc6 g6 33. Qf6
Qa5 34. h3 Qc5+ 35. Kh2 Qxc2 36. Rd7 Rf8 37. Rxa7 Bc4 38. Qxb6 Bd5 39. Qf6 Qf2
40. Rd7 Ba8 41. Rd8 Bb7 42. Rxf8+ Kxf8 43. Qh8+ Ke7 44. Qe5+ Kd7 45. Qb5+ Kc7
46. Qc4+ Kd7 47. Qxf7+ Kc8 48. Qg8+ Kc7 49. Qxh7+ Kc8 50. Qh8+ Kc7 51. Qc3+ Kd7
52. Ne4 Qe2 53. Qd2+ Qxd2 54. Nxd2 Ke6 55. Ne4 Ke5 56. Kg3 Kd5 57. Kg4 Bc8+ 58.
Kg5 Bf5 59. g4 Ke5 60. gxf5 gxf5 61. Ng3 f4 62. Ne4 Ke6 63. h4 Kf7 64. b4 Ke7
65. h5 Kd7 66. h6 Kc6 67. h7 Kb5 68. h8=Q Kxb4 69. Qc3+ Kb5 70. Qc5+ Ka6 71.
Qb4 Ka7 72. Nd6 Ka6 73. Qb7+ Ka5 74. Qb5# 1-0

[Event "DVM U14w 2020"]
[Site "Willingen GER"]
[Date "2021.06.24"]
[Round "2"]
[White "Gerlach, Lorena"]
[Black "Moldovan, Stela"]
[Result "0-1"]
[Termination "normal"]
[Board "8.2"]
[WhiteElo "1040"]
[BlackElo "1336"]
[WhiteTeam "SchachAkademiePaderborn e. V."]
[BlackTeam "SG Königskinder Hohentübingen e.V."]
[PlyCount "142"]
[WhiteFideId "34605738"]
[BlackFideId "16287380"]
[EventCountry "GER"]
[EventRounds "7"]
[EventType "team-swiss"]
[EventDate "2021.06.23"]

1. Nf3 d5 2. d4 Nf6 3. g3 e6 4. Bg2 Bd6 5. O-O Nbd7 6. c4 b6 7. Nbd2 Bb7 8. b3
Ne4 9. Nxe4 dxe4 10. Ng5 f5 11. Nxe6 Qf6 12. Nf4 O-O 13. Nh3 c5 14. Bb2 f4 15.
Qd2 Qe7 16. dxc5 Bxc5 17. e3 f3 18. Bh1 Ne5 19. Nf4 Rad8 20. Qc3 Nd3 21. Nxd3
Rxd3 22. Qe5 Qd7 23. Rab1 Bd6 24. Qb5 Qc8 25. Rfd1 Rf5 26. c5 Rxc5 27. Qb4 Rh5
28. Qc4+ Qxc4 29. bxc4 Rc5 30. Rxd3 exd3 31. Rd1 Be4 32. Ba3 Rc6 33. Bxd6 Rxd6
34. Kf1 d2 35. h4 Bd3+ 36. Kg1 Bxc4 37. Bxf3 Bxa2 38. Kf1 Bc4+ 39. Be2 Bxe2+
40. Kxe2 Kf7 41. f4 a5 42. Rxd2 Rxd2+ 43. Kxd2 b5 44. Kc3 Ke6 45. e4 g6 46. g4
Kf6 47. e5+ Ke6 48. Kb3 Kd5 49. Kc3 Kc5 50. f5 gxf5 51. gxf5 Kd5 52. e6 Kd6 53.
Kb3 b4 54. Kc4 Ke7 55. Kb5 b3 56. Kc5 b2 57. Kd5 b1=Q 58. Ke5 Qe1+ 59. Kf4
Qxh4+ 60. Ke5 Qf6+ 61. Kf4 a4 62. Ke4 a3 63. Kf4 a2 64. Ke4 a1=Q 65. Kf4 Qae5+
66. Kf3 Qfxf5+ 67. Kg2 Qe2+ 68. Kg3 Qe3+ 69. Kh2 Qh5+ 70. Kg2 Qef3+ 71. Kg1
Qhh1# 0-1

[Event "DVM U14w 2020"]
[Site "Willingen GER"]
[Date "2021.06.24"]
[Round "2"]
[White "Stasaitis, Paulina"]
[Black "Khoja, Maya"]
[Result "1-0"]
[Termination "normal"]
[Board "8.3"]
[WhiteElo "1119"]
[BlackElo "828"]
[WhiteTeam "SG Königskinder Hohentübingen e.V."]
[BlackTeam "SchachAkademiePaderborn e. V."]
[PlyCount "133"]
[WhiteFideId "34606165"]
[BlackFideId "34606157"]
[EventCountry "GER"]
[EventRounds "7"]
[EventType "team-swiss"]
[EventDate "2021.06.23"]

1. d4 e6 2. Bf4 d5 3. Nf3 c5 4. e3 Nd7 5. c4 Ngf6 6. Nc3 Qa5 7. Bd3 Qb4 8. Qb3
Qxb3 9. axb3 Nb6 10. Bc7 Nfd7 11. Nb5 a6 12. Bxb6 Nxb6 13. Nc7+ Kd8 14. Nxa8
Nxa8 15. Ne5 Ke8 16. f4 cxd4 17. exd4 Bd6 18. g4 f6 19. c5 Bc7 20. Bb5+ axb5
21. Rxa8 Ke7 22. Nd3 e5 23. fxe5 fxe5 24. dxe5 Re8 25. Nb4 Rd8 26. Nxd5+ Rxd5
27. Rxc8 Rxe5+ 28. Kf2 Rxc5 29. Re1+ Kf6 30. Rf8+ Kg5 31. Rf5+ Rxf5+ 32. gxf5
Bxh2 33. Re7 Kf6 34. Rxb7 Kxf5 35. Rxg7 h5 36. Kg2 Be5 37. Rh7 Kg5 38. Rb7 Bxb2
39. Rxb5+ Kg4 40. Rb4+ Kg5 41. Rc4 h4 42. Kh3 Kh5 43. Rxh4+ Kg6 44. Kg4 Bf6 45.
Rh1 Kf7 46. Rh7+ Ke6 47. Rh6 Kf7 48. Rxf6+ Kxf6 49. Kf4 Ke6 50. Ke4 Kd6 51. Kd4
Kc6 52. Kc4 Kb6 53. Kb4 Kc6 54. Ka5 Kb7 55. Kb5 Kc7 56. Ka6 Kb8 57. Kb6 Kc8 58.
Ka7 Kc7 59. b4 Kc6 60. Ka6 Kc7 61. b5 Kb8 62. Kb6 Ka8 63. Kc7 Ka7 64. b6+ Ka8
65. b7+ Ka7 66. b8=Q+ Ka6 67. Qb6# 1-0

[Event "DVM U14w 2020"]
[Site "Willingen GER"]
[Date "2021.06.24"]
[Round "2"]
[White "Gruber, Florentine"]
[Black "Luzgina, Anastasija"]
[Result "1-0"]
[Termination "normal"]
[Board "8.4"]
[WhiteElo "988"]
[BlackElo "1096"]
[WhiteTeam "SchachAkademiePaderborn e. V."]
[BlackTeam "SG Königskinder Hohentübingen e.V."]
[PlyCount "103"]
[WhiteFideId "34605711"]
[BlackFideId "24280860"]
[EventCountry "GER"]
[EventRounds "7"]
[EventType "team-swiss"]
[EventDate "2021.06.23"]

1. d4 d5 2. Nf3 Nf6 3. g3 Bg4 4. Bg2 e6 5. O-O c5 6. c4 Nc6 7. Nc3 Bxf3 8. Bxf3
Nxd4 9. Qa4+ Nc6 10. Rd1 Be7 11. cxd5 exd5 12. Bxd5 Nxd5 13. Nxd5 Qc8 14. Bf4
O-O 15. Qxc6 bxc6 16. Nxe7+ Kh8 17. Nxc8 Raxc8 18. Rac1 f6 19. Rxc5 Rfe8 20. e3
g5 21. Bd6 Re6 22. Rc4 c5 23. Bxc5 Ra6 24. a3 Ra5 25. Rdc1 Rb5 26. Bxa7 Rxc4
27. Rxc4 Rxb2 28. Bd4 Rb1+ 29. Kg2 Kg7 30. a4 Rb3 31. a5 Ra3 32. Bc3 Kf7 33.
Rc6 f5 34. a6 Ke8 35. Bd4 Kd7 36. Rc4 Rxa6 37. Rc5 f4 38. Rxg5 fxe3 39. Bxe3 h6
40. Rh5 Ke7 41. Rxh6 Rxh6 42. Bxh6 Kf6 43. Bc1 Kg6 44. h4 Kh5 45. Kf3 Kg6 46.
Kg4 Kf6 47. h5 Kg7 48. Kg5 Kh7 49. h6 Kh8 50. Kg6 Kg8 51. h7+ Kh8 52. Bb2# 1-0

[Event "DVM U14w 2020"]
[Site "Willingen GER"]
[Date "2021.06.24"]
[Round "2"]
[White "Kanno, Clara Yumi"]
[Black "von Beckh, Frieda"]
[Result "0-1"]
[Termination "normal"]
[Board "9.1"]
[WhiteElo "1093"]
[BlackElo "1610"]
[WhiteTeam "Schachfreunde Essen-Werden"]
[BlackTeam "SV Multatuli Ingelheim e.V."]
[PlyCount "72"]
[WhiteFideId "16259661"]
[BlackFideId "16233751"]
[EventCountry "GER"]
[EventRounds "7"]
[EventType "team-swiss"]
[EventDate "2021.06.23"]

1. e4 c5 2. Nf3 Nc6 3. d4 cxd4 4. Nxd4 g6 5. Nc3 Bg7 6. Be3 Nf6 7. Be2 O-O 8.
f4 Qa5 9. Nb3 Qd8 10. Qd2 d6 11. O-O Ng4 12. Bxg4 Bxg4 13. h3 Bd7 14. f5 Ne5
15. Qe2 Rc8 16. Nd5 Bc6 17. Bxa7 Bxd5 18. exd5 b6 19. c3 Ra8 20. Qa6 Qd7 21.
Qxb6 Qxa7 22. Qxa7 Rxa7 23. Rf2 Rfa8 24. a3 Rb8 25. Nd4 Nd3 26. Nc6 Nxf2 27.
Nxb8 Rb7 28. b4 Rxb8 29. Kxf2 Bxc3 30. Ra2 Ra8 31. fxg6 hxg6 32. b5 Bb4 33. Rb2
Bxa3 34. Ra2 Bc5+ 35. Kf3 Rxa2 36. g4 Rb2 0-1

[Event "DVM U14w 2020"]
[Site "Willingen GER"]
[Date "2021.06.24"]
[Round "2"]
[White "Albrecht, Angelique"]
[Black "Symanski, Linda"]
[Result "0-1"]
[Termination "normal"]
[Board "9.2"]
[WhiteElo "1263"]
[BlackElo "1012"]
[WhiteTeam "SV Multatuli Ingelheim e.V."]
[BlackTeam "Schachfreunde Essen-Werden"]
[PlyCount "64"]
[WhiteFideId "16298284"]
[BlackFideId "16284534"]
[EventCountry "GER"]
[EventRounds "7"]
[EventType "team-swiss"]
[EventDate "2021.06.23"]

1. d4 d5 2. c4 c6 3. Nc3 Nf6 4. Nf3 Bf5 5. Bg5 Nbd7 6. e3 e6 7. Be2 Bb4 8. O-O
O-O 9. Bd3 Bxd3 10. Qxd3 Nb6 11. cxd5 cxd5 12. Ne2 h6 13. Bh4 Be7 14. h3 Re8
15. Bg3 Ne4 16. Bh2 Bd6 17. Rac1 Bxh2+ 18. Nxh2 Nc4 19. b3 Ncd6 20. f3 Ng5 21.
Ng3 Nh7 22. e4 Qg5 23. f4 Qg6 24. f5 exf5 25. exf5 Qg5 26. Rf3 Qxc1+ 27. Ngf1
Ng5 28. Rg3 Nge4 29. Rf3 Rac8 30. Qe2 Rc2 31. Qd3 Qb2 32. Ne3 Rd2 0-1

[Event "DVM U14w 2020"]
[Site "Willingen GER"]
[Date "2021.06.24"]
[Round "2"]
[White "Claussen, Daniela"]
[Black "Gyácsok, Dzvinka"]
[Result "0-1"]
[Termination "normal"]
[Board "9.3"]
[WhiteElo "992"]
[BlackElo "1041"]
[WhiteTeam "Schachfreunde Essen-Werden"]
[BlackTeam "SV Multatuli Ingelheim e.V."]
[PlyCount "62"]
[WhiteFideId "16248929"]
[BlackFideId "16298292"]
[EventCountry "GER"]
[EventRounds "7"]
[EventType "team-swiss"]
[EventDate "2021.06.23"]

1. e3 e5 2. b3 d5 3. Bb2 Nc6 4. Bb5 Bd6 5. Nf3 Qe7 6. d3 Nf6 7. Nbd2 Bg4 8. h3
Bh5 9. O-O e4 10. g4 Bg6 11. Ne5 Bxe5 12. Bxe5 Qxe5 13. Bxc6+ bxc6 14. d4 Qd6
15. f3 O-O 16. fxe4 Qg3+ 17. Kh1 Nxe4 18. Rf3 Nf2+ 19. Rxf2 Qxf2 20. Qe1 Qxe1+
21. Rxe1 Bxc2 22. h4 Rfe8 23. g5 Be4+ 24. Nxe4 Rxe4 25. h5 Rh4+ 26. Kg2 Rxh5
27. Kf3 Rxg5 28. Ke2 Rg2+ 29. Kd3 Rxa2 30. Rb1 Rb8 31. Kc3 Ra3 0-1